000 00492nam a22001697u 4500
008 130405s1969 xxu||||| |||| 00| 0 spa d
041 _aspa
100 1 _aPonteville, G.
_942926
245 0 0 _aFecundidad y matrimonio
_cG. Ponteville, J. Etienne,  , Eloy Requena Calvo
260 _aMadrid:
_bStudium,
_c1969
300 _a91 p.
_c;18 cm.
650 0 4 _aSacramentos
_xNatalidad
_913883
700 1 _aEtienne, J.
_942927
700 1 _aRequena Calvo, Eloy
_925599
942 _cBK
001 79990
999 _c283960
_d283960